| 000 | 00375nam a2200145 i 4500 | ||
|---|---|---|---|
| 001 | bg | ||
| 100 | 1 | _aTRZECIECKI, Robert | |
| 245 | 0 |
_aBHP w transporcie samochodowym / _cRobert Trzeciecki, Tadeusz Komorowski. |
|
| 260 |
_aWarszawa, _c1978. |
||
| 700 | 1 | _aKOMOROWSKI, Tadeusz | |
| 040 | _cBPK | ||
| 041 | _apol | ||
| 942 | _cKS | ||
| 008 | s pl f |000 0 pol | ||
| 999 |
_c17873 _d17873 |
||
| 856 |
_uhttp://koha.tu.koszalin.pl/cgi-bin/koha/opac-detail.pl?biblionumber=17873 _yKatalog online BPK |
||